[Event "BEL-chT 0405"]
[Site "Belgium"]
[Date "2005.03.06"]
[Round "10"]
[White "De Bruycker, Bernard"]
[Black "Boidman, Yuri"]
[Result "1/2-1/2"]
[WhiteElo "2209"]
[BlackElo "2408"]
[PlyCount "82"]
[EventDate "2004.09.09"]
[EventType "team-tourn"]
[EventRounds "11"]
[EventCountry "BEL"]
[SourceTitle "EXT 2006"]
[Source "ChessBase"]
[SourceDate "2005.11.24"]
[SourceVersion "1"]
[SourceVersionDate "2005.11.24"]
[SourceQuality "1"]
[WhiteTeam "KGSRL"]
[BlackTeam "KSK47 Eynatten II"]
[WhiteTeamCountry "BEL"]
[BlackTeamCountry "BEL"]

1. Nf3 d5 2. c4 c6 3. b3 dxc4 4. bxc4 e5 5. Nc3 Nd7 6. Qc2 Ngf6 7. Bb2 Bd6 8. g3 0-0 9. Bg2 Re8 10. 0-0 Nc5 11. d3 Qe7 12. Ne4 Nfxe4 13. dxe4 Bg4 14. h3 Bxf3 15. Bxf3 Rad8 16. Bg4 Qg5 17. Bc1 Qe7 18. Be3 Bc7 19. Rab1 Ba5 20. Bxc5 Qxc5 21. Rxb7 Rd4 22. Qb3 Bb6 23. e3 Rd2 24. Rd1 Rxd1+ 25. Bxd1 Rd8 26. Bg4 g6 27. Qa4 Rd2 28. Qb3 h5 29. Rd7 Rxd7 30. Bxd7 Qd6 31. Be8 Qe6 32. c5 Qxb3 33. axb3 Bxc5 34. Bxc6 g5 35. Bb5 Kg7 36. Be2 h4 37. gxh4 gxh4 38. Kg2 Kg6 39. Bg4 Kg5 40. Kf3 Bb4 41. Ke2 f6 1/2-1/2

[Event "NED-chT 0405"]
[Site "Netherlands"]
[Date "2005.02.26"]
[Round "7.10"]
[White "De Bruycker, Bernard"]
[Black "Hautot, Stephane"]
[Result "0-1"]
[WhiteElo "2209"]
[BlackElo "2328"]
[PlyCount "92"]
[EventDate "2004.09.18"]
[EventType "team-tourn"]
[EventRounds "9"]
[EventCountry "NED"]
[SourceTitle "EXT 2014"]
[Source "ChessBase"]
[SourceDate "2013.11.20"]
[SourceVersion "1"]
[SourceVersionDate "2013.11.20"]
[SourceQuality "1"]
[WhiteTeam "Sas van Gent"]
[BlackTeam "Rotterdam"]
[WhiteTeamCountry "NED"]
[BlackTeamCountry "NED"]

1. Nf3 c5 2. c4 Nc6 3. Nc3 g6 4. d4 cxd4 5. Nxd4 Bg7 6. e3 Nf6 7. g3 b6 8. Nxc6 dxc6 9. Qxd8+ Kxd8 10. Bg2 Kc7 11. Nb5+ Kb7 12. b4 Ne4 13. Nd4 f5 14. Bb2 a5 15. f3 Nd6 16. f4 Ne4 17. b5 c5 18. Nxf5 Bxb2 19. Bxe4+ Kb8 20. Nxe7 Bxa1 21. Nxc8 Rxc8 22. Bxa8 Kxa8 23. Ke2 Bf6 24. Rd1 Kb7 25. Rd7+ Rc7 26. Rd6 Be7 27. Re6 a4 28. h4 Rd7 29. h5 gxh5 30. Rh6 Bf8 31. Rxh5 h6 32. Rh1 Kc7 33. Rd1 Rxd1 34. Kxd1 h5 35. Ke2 Kd6 36. Kf3 Ke6 37. e4 Bg7 38. Kg2 Kf6 39. Kh3 Kg6 40. e5 Bf8 41. g4 Bh6 42. Kg3 h4+ 43. Kf3 h3 44. f5+ Kg5 45. e6 Bf8 46. Kg3 Be7 0-1

[Event "BEL-chT 0405"]
[Site "Belgium"]
[Date "2005.01.30"]
[Round "8"]
[White "Decoster, Frederic"]
[Black "De Bruycker, Bernard"]
[Result "1-0"]
[WhiteElo "2135"]
[BlackElo "2209"]
[PlyCount "71"]
[EventDate "2004.09.09"]
[EventType "team-tourn"]
[EventRounds "11"]
[EventCountry "BEL"]
[SourceTitle "EXT 2006"]
[Source "ChessBase"]
[SourceDate "2005.11.24"]
[SourceVersion "1"]
[SourceVersionDate "2005.11.24"]
[SourceQuality "1"]
[WhiteTeam "KBSK Brugge"]
[BlackTeam "KGSRL"]
[WhiteTeamCountry "BEL"]
[BlackTeamCountry "BEL"]

1. e4 g6 2. d4 Bg7 3. Nc3 c6 4. f4 d5 5. e5 Nh6 6. Nf3 Bg4 7. Be3 Nf5 8. Bf2 h5 9. h3 Bxf3 10. Qxf3 h4 11. Bd3 Nd7 12. 0-0 Nf8 13. Ne2 Ne6 14. b3 Qd7 15. Rfd1 0-0-0 16. c4 Nc7 17. a4 e6 18. c5 Rdg8 19. b4 f6 20. b5 g5 21. b6 axb6 22. cxb6 Na8 23. a5 Kd8 24. a6 Nxb6 25. Rdb1 bxa6 26. Rxb6 gxf4 27. Rbxa6 fxe5 28. Ra8+ Ke7 29. R8a7 Rd8 30. Bxf5 exf5 31. dxe5 Bxe5 32. Bd4 Bc7 33. Rxc7 Qxc7 34. Ra7 Qxa7 35. Bxa7 Rhg8 36. Qxf4 1-0

[Event "BEL-chT 0405"]
[Site "Belgium"]
[Date "2005.01.16"]
[Round "7"]
[White "De Bruycker, Bernard"]
[Black "Marcos Pinto, Luis"]
[Result "1-0"]
[WhiteElo "2209"]
[BlackElo "2315"]
[PlyCount "73"]
[EventDate "2004.09.09"]
[EventType "team-tourn"]
[EventRounds "11"]
[EventCountry "BEL"]
[SourceTitle "EXT 2006"]
[Source "ChessBase"]
[SourceDate "2005.11.24"]
[SourceVersion "1"]
[SourceVersionDate "2005.11.24"]
[SourceQuality "1"]
[WhiteTeam "KGSRL"]
[BlackTeam "SK Rochade"]
[WhiteTeamCountry "BEL"]
[BlackTeamCountry "BEL"]

1. Nf3 f5 2. g3 g6 3. Bg2 Bg7 4. c4 d6 5. Nc3 Nf6 6. d3 0-0 7. Rb1 e5 8. b4 h6 9. 0-0 g5 10. Qb3 Nc6 11. b5 Ne7 12. c5+ Kh8 13. cxd6 cxd6 14. Ba3 Ne8 15. Nd2 Rf6 16. Rfc1 h5 17. Qa4 Rh6 18. Nc4 h4 19. Na5 hxg3 20. hxg3 f4 21. Nxb7 Bxb7 22. Bxb7 Rb8 23. Qxa7 fxg3 24. fxg3 Nf5 25. Ne4 Nd4 26. Rb2 d5 27. Be7 Qxe7 28. Qxb8 dxe4 29. Rc8 Re6 30. Bxe4 Bf8 31. e3 Nxb5 32. Rxb5 Qa3 33. Rb2 Qa4 34. Qb3 Qd7 35. Rh2+ Rh6 36. Rxh6+ Bxh6 37. Qb8 1-0

[Event "BEL-chT 0405"]
[Site "Belgium"]
[Date "2004.12.05"]
[Round "5"]
[White "Barbier, Wim"]
[Black "De Bruycker, Bernard"]
[Result "1-0"]
[WhiteElo "2194"]
[BlackElo "2209"]
[PlyCount "127"]
[EventDate "2004.09.09"]
[EventType "team-tourn"]
[EventRounds "11"]
[EventCountry "BEL"]
[SourceTitle "EXT 2006"]
[Source "ChessBase"]
[SourceDate "2005.11.24"]
[SourceVersion "1"]
[SourceVersionDate "2005.11.24"]
[SourceQuality "1"]
[WhiteTeam "Boey Temse"]
[BlackTeam "KGSRL"]
[WhiteTeamCountry "BEL"]
[BlackTeamCountry "BEL"]

1. c4 Nf6 2. g3 e5 3. Bg2 Bc5 4. Nc3 c6 5. e3 d6 6. Nge2 Be6 7. b3 h5 8. h3 Qc8 9. a3 Bb6 10. Bb2 Nbd7 11. d4 exd4 12. Nxd4 Nf8 13. Qd2 Bd7 14. Nde2 Bc7 15. Nf4 Ne6 16. Ne4 Nxe4 17. Bxe4 Nxf4 18. exf4 0-0 19. Qd4 f6 20. Qd3 Bxh3 21. 0-0-0 Rd8 22. Bh7+ Kh8 23. Bg6 Kg8 24. Qe2 Qg4 25. Qe4 h4 26. Rxh3 d5 27. Qf5 Qxf5 28. Bxf5 hxg3 29. fxg3 Kf7 30. cxd5 cxd5 31. Rh2 Bb6 32. Re2 d4 33. Be6+ Kg6 34. g4 Bc7 35. f5+ Kg5 36. Rxd4 Rxd4 37. Bxd4 Kxg4 38. Rg2+ Kf4 39. Rxg7 Bd6 40. Kb2 Rh8 41. Rg2 Be5 42. Bxe5+ Kxe5 43. Rg7 Rb8 44. b4 a6 45. Kc3 b5 46. Rg1 Rd8 47. Re1+ Kf4 48. Re2 Rd6 49. Rd2 Rc6+ 50. Kd4 Rd6+ 51. Bd5 Rd8 52. Rf2+ Kg3 53. Rf1 Rc8 54. Ke4 Rc3 55. Rg1+ Kf2 56. Ra1 Re3+ 57. Kd4 Re5 58. Be4 Kg3 59. Ke3 Re7 60. Rg1+ Kh2 61. Rg2+ Kh3 62. Rg6 Rc7 63. Kf4 Kh2 64. Rxf6 1-0

[Event "NED-chT 0405"]
[Site "Netherlands"]
[Date "2004.11.27"]
[Round "4.10"]
[White "De Bruycker, Bernard"]
[Black "Ondersteijn, Niels"]
[Result "1-0"]
[WhiteElo "2209"]
[BlackElo "2300"]
[PlyCount "33"]
[EventDate "2004.09.18"]
[EventType "team-tourn"]
[EventRounds "9"]
[EventCountry "NED"]
[SourceTitle "EXT 2014"]
[Source "ChessBase"]
[SourceDate "2013.11.20"]
[SourceVersion "1"]
[SourceVersionDate "2013.11.20"]
[SourceQuality "1"]
[WhiteTeam "Sas van Gent"]
[BlackTeam "Den Bosch HMC"]
[WhiteTeamCountry "NED"]
[BlackTeamCountry "NED"]

1. Nf3 c5 2. c4 g6 3. Nc3 Nc6 4. d4 cxd4 5. Nxd4 Nf6 6. g3 Bg7 7. Bg2 0-0 8. Nc2 d6 9. b3 Qa5 10. Bd2 Bd7 11. Nd5 Qd8 12. Bc3 Nxd5 13. Bxg7 Kxg7 14. cxd5 Qa5+ 15. b4 Nxb4 16. Qd4+ Kg8 17. Qxb4 1-0

[Event "BEL-chT 0405"]
[Site "Belgium"]
[Date "2004.11.21"]
[Round "4"]
[White "Smits, Mark"]
[Black "De Bruycker, Bernard"]
[Result "1-0"]
[WhiteElo "2216"]
[BlackElo "2209"]
[PlyCount "107"]
[EventDate "2004.09.09"]
[EventType "team-tourn"]
[EventRounds "11"]
[EventCountry "BEL"]
[SourceTitle "EXT 2006"]
[Source "ChessBase"]
[SourceDate "2005.11.24"]
[SourceVersion "1"]
[SourceVersionDate "2005.11.24"]
[SourceQuality "1"]
[WhiteTeam "Borgerhout"]
[BlackTeam "KGSRL"]
[WhiteTeamCountry "BEL"]
[BlackTeamCountry "BEL"]

1. e4 g6 2. d4 Bg7 3. Be3 c5 4. c3 Nf6 5. Nd2 cxd4 6. cxd4 Qa5 7. f3 d5 8. e5 Nfd7 9. f4 Nc6 10. Ngf3 Nb6 11. a3 Nc4 12. Bxc4 dxc4 13. 0-0 Be6 14. Rc1 Qb5 15. Ng5 Bd5 16. Qc2 Na5 17. Nge4 Qc6 18. Rf2 f5 19. Nc3 b5 20. Nxd5 Qxd5 21. Nb1 e6 22. Nc3 Qb7 23. Rd1 0-0-0 24. d5 exd5 25. Rfd2 d4 26. Rxd4 Rxd4 27. Rxd4 Nc6 28. Rd5 a6 29. Qd1 Re8 30. Bc5 Nd8 31. Bd6 Ne6 32. Qd2 Rd8 33. Qf2 Bh6 34. g3 Bf8 35. Rc5+ Kd7 36. Bxf8 Rxf8 37. Rd5+ Ke7 38. Qd2 Qb6+ 39. Kf1 Qc6 40. Na2 Rd8 41. Nb4 Qb7 42. Ke2 a5 43. Rxd8 Qg2+ 44. Kd1 Qh1+ 45. Kc2 Nxd8 46. Nd5+ Kf8 47. Nf6 Nc6 48. Nxh7+ Kg7 49. Ng5 Kh6 50. Qd7 Qxh2+ 51. Kb1 Qg1+ 52. Ka2 Qa7 53. Qxc6 Qe3 54. Qh1+ 1-0

[Event "Ghent op 26th"]
[Site "Ghent"]
[Date "2003.07.22"]
[Round "7"]
[White "De Bruycker, Bernard"]
[Black "Abolianin, Arthur"]
[Result "0-1"]
[WhiteElo "2226"]
[BlackElo "2418"]
[PlyCount "144"]
[EventDate "2003.07.19"]
[EventType "swiss"]
[EventRounds "9"]
[EventCountry "BEL"]
[SourceTitle "CBM 095 Extra"]
[Source "ChessBase"]
[SourceDate "2003.09.04"]
[SourceVersion "1"]
[SourceVersionDate "2003.09.04"]
[SourceQuality "1"]

1. Nf3 c5 2. c4 Nc6 3. Nc3 g6 4. g3 Bg7 5. Bg2 a6 6. d3 Rb8 7. Bf4 d6 8. a4 Nf6 9. 0-0 0-0 10. Rb1 Ne8 11. Qd2 Nc7 12. Bh6 b5 13. axb5 axb5 14. Bxg7 Kxg7 15. b3 b4 16. Nd5 e5 17. Ne1 Ra8 18. Nb6 Ra6 19. Nxc8 Qxc8 20. Bxc6 Rxc6 21. f4 exf4 22. Qxf4 Ra6 23. h4 Ne6 24. Qf6+ Kg8 25. h5 Qd8 26. hxg6 hxg6 27. Qb2 Qg5 28. Kg2 Rfa8 29. Rh1 Nd4 30. Nf3 Qe3 31. Nxd4 cxd4 32. Rh4 Ra2 33. Qxd4 Rxe2+ 34. Kh3 Qe6+ 35. Qg4 f5 36. Qf4 Raa2 37. Rh1 Rf2 38. Qh6 Kf7 39. Qh7+ Ke8 40. d4 f4+ 41. Rg4 fxg3 42. Qxg6+ Qxg6 43. Rxg6 Rh2+ 44. Rxh2 gxh2 45. Re6+ Kd7 46. Re1 Re2 47. Rh1 Rb2 48. Rxh2 Rxb3+ 49. Kg4 Rc3 50. d5 Rxc4+ 51. Kf5 b3 52. Rb2 Rb4 53. Kf6 Kc8 54. Ke7 Kc7 55. Ke6 Re4+ 56. Kf5 Re3 57. Kf4 Rh3 58. Ke4 Kb6 59. Kd4 Kb5 60. Rg2 Kb4 61. Rg6 b2 62. Rxd6 Rh4+ 63. Ke5 Kb3 64. Rb6+ Rb4 65. Rxb4+ Kxb4 66. d6 b1Q 67. d7 Qd3 68. Ke6 Kb5 69. Ke7 Qe4+ 70. Kd6 Qd4+ 71. Kc7 Qc5+ 72. Kb7 Qc6+ 0-1

[Event "BEL-chT 0203"]
[Site "Belgium"]
[Date "2003.02.09"]
[Round "8.3"]
[White "Renet, Jacques"]
[Black "De Bruycker, Bernard"]
[Result "0-1"]
[WhiteElo "2242"]
[BlackElo "2209"]
[PlyCount "86"]
[EventDate "2002.10.06"]
[EventType "team"]
[EventRounds "11"]
[EventCountry "BEL"]
[SourceTitle "EXT 2004"]
[Source "ChessBase"]
[SourceDate "2003.11.25"]
[SourceVersion "1"]
[SourceVersionDate "2003.11.25"]
[SourceQuality "1"]
[WhiteTeam "Eupen Rochade"]
[BlackTeam "Gent II"]
[WhiteTeamCountry "BEL"]
[BlackTeamCountry "BEL"]

1. g3 Nf6 2. Bg2 d5 3. d3 e5 4. Nf3 Bd6 5. Nbd2 e4 6. Nd4 Be5 7. N4b3 Qe7 8. 0-0 h5 9. dxe4 dxe4 10. Nc4 h4 11. Nxe5 Qxe5 12. Bf4 Qh5 13. Bxc7 Nc6 14. Nd4 hxg3 15. Bxg3 Bd7 16. Nxc6 Bxc6 17. e3 Rd8 18. Qxh5 Rxh5 19. Rfd1 Rhd5 20. Rxd5 Rxd5 21. Bh4 g5 22. Bg3 a5 23. c4 Rd2 24. Rc1 Rxb2 25. Be5 Rxf2 26. Kxf2 Ng4+ 27. Kg3 Nxe5 28. Bf1 f6 29. Rd1 Ke7 30. Be2 Ke8 31. Rb1 Ke7 32. Rc1 Kd6 33. c5+ Kd5 34. Rc3 Nd7 35. Kg4 Nxc5 36. Kf5 Nd7 37. Bh5 b5 38. Be8 b4 39. Rxc6 Kxc6 40. Ke6 f5 41. Bxd7+ Kc7 42. Bb5 Kb6 43. Bf1 a4 0-1

[Event "BEL-chT 0203"]
[Site "Belgium"]
[Date "2002.12.08"]
[Round "4.4"]
[White "De Bruycker, Bernard"]
[Black "Van Mechelen, Jan"]
[Result "1/2-1/2"]
[WhiteElo "2209"]
[BlackElo "2305"]
[PlyCount "120"]
[EventDate "2002.10.06"]
[EventType "team"]
[EventRounds "11"]
[EventCountry "BEL"]
[SourceTitle "EXT 2004"]
[Source "ChessBase"]
[SourceDate "2003.11.25"]
[SourceVersion "1"]
[SourceVersionDate "2003.11.25"]
[SourceQuality "1"]
[WhiteTeam "Gent II"]
[BlackTeam "Leuven"]
[WhiteTeamCountry "BEL"]
[BlackTeamCountry "BEL"]

1. Nf3 Nf6 2. c4 g6 3. g3 Bg7 4. Bg2 d6 5. d3 0-0 6. Bg5 h6 7. Bxf6 Bxf6 8. Nc3 Bg7 9. 0-0 c5 10. Rb1 Nc6 11. Qd2 Rb8 12. a3 b6 13. b4 Bb7 14. b5 Na5 15. e4 e6 16. Ne1 Qf6 17. Na4 Rbc8 18. f4 Qd4+ 19. Rf2 d5 20. Nc2 Qf6 21. e5 Qe7 22. cxd5 exd5 23. Bh3 d4 24. Nb2 Rce8 25. Nc4 Nxc4 26. dxc4 f6 27. exf6 Qxf6 28. Re1 Rxe1+ 29. Nxe1 Re8 30. Re2 Qf7 31. Rxe8+ Qxe8 32. Nd3 a6 33. a4 axb5 34. axb5 Kh7 35. Qe1 Qe4 36. Qxe4 Bxe4 37. Bf1 g5 38. fxg5 hxg5 39. Nf2 Bf5 40. g4 Bg6 41. Bd3 Be5 42. Kg2 Kg7 43. Bxg6 Kxg6 44. Kf3 Bxh2 45. Ke4 Bf4 46. Kd5 Bd2 47. Ke6 Be1 48. Nd3 Bd2 49. Ne5+ Kg7 50. Kf5 Bf4 51. Nd3 Bd2 52. Ke4 Kf6 53. Kd5 Bc3 54. Kd6 Bd2 55. Nf2 Be1 56. Ne4+ Kg6 57. Kc6 Ba5 58. Nf2 Kf6 59. Nd3 Ke6 60. Kc7 Ke7 1/2-1/2

[Event "BEL-chT 0102"]
[Site "Belgium"]
[Date "2002.01.06"]
[Round "6"]
[White "De Bruycker, Bernard"]
[Black "Vedder, Richard"]
[Result "0-1"]
[WhiteElo "2224"]
[BlackElo "2232"]
[PlyCount "58"]
[EventDate "2001.10.14"]
[EventType "team"]
[EventRounds "11"]
[EventCountry "BEL"]
[SourceTitle "EXT 2003"]
[Source "ChessBase"]
[SourceDate "2002.11.25"]
[SourceVersion "1"]
[SourceVersionDate "2002.11.25"]
[SourceQuality "1"]

1. Nf3 g6 2. c4 Nf6 3. Nc3 Bg7 4. g3 0-0 5. Bg2 c6 6. 0-0 d6 7. d3 Nbd7 8. Rb1 e5 9. b4 d5 10. cxd5 cxd5 11. d4 e4 12. Ne5 Re8 13. Bf4 Nf8 14. Qb3 Ne6 15. Rbd1 Nxf4 16. gxf4 Be6 17. f3 e3 18. f5 Bxf5 19. f4 Be6 20. Na4 Ng4 21. Nxg4 Bxg4 22. Nc3 Rc8 23. Rd3 Rxc3 24. Rxc3 Bxe2 25. Bxd5 Bxf1 26. Bxf7+ Kh8 27. Bxe8 e2 28. Kf2 Qh4+ 29. Rg3 Bxd4+ 0-1

[Event "BEL-chT 0001"]
[Site "Belgium"]
[Date "2001.03.11"]
[Round "10"]
[White "Kaid, Almar"]
[Black "De Bruycker, Bernard"]
[Result "1-0"]
[WhiteElo "2242"]
[BlackElo "2217"]
[PlyCount "63"]
[EventDate "2000.11.18"]
[EventType "team"]
[EventRounds "13"]
[EventCountry "BEL"]
[SourceTitle "CBM 081 Extra"]
[Source "ChessBase"]
[SourceDate "2001.05.06"]
[SourceVersion "1"]
[SourceVersionDate "2001.05.06"]
[SourceQuality "1"]

1. c4 Nf6 2. g3 e6 3. Bg2 d5 4. Nf3 Nbd7 5. 0-0 dxc4 6. Qc2 Nb6 7. Na3 Qd5 8. Re1 Qc5 9. b3 cxb3 10. Qxb3 Bd7 11. d4 Qb4 12. Qd3 Bc6 13. e4 0-0-0 14. Rb1 Qa4 15. Nb5 Bxb5 16. Rxb5 Qxa2 17. Ne5 Qa4 18. Be3 a6 19. Rbb1 Qe8 20. Rec1 Kb8 21. Nc4 e5 22. Nxb6 cxb6 23. Rxb6 Rd6 24. Qb3 Rxb6 25. Qxb6 Ba3 26. Rc7 Qc8 27. Rxc8+ Rxc8 28. dxe5 Nd7 29. Qb3 Bc1 30. Qxf7 Bxe3 31. Qxd7 Bc5 32. e6 1-0

[Event "BEL-chT 0001"]
[Site "Belgium"]
[Date "2000.12.03"]
[Round "4"]
[White "De Bruycker, Bernard"]
[Black "Krijgelmans, Johan"]
[Result "1-0"]
[WhiteElo "2216"]
[BlackElo "2193"]
[PlyCount "58"]
[EventDate "2000.11.18"]
[EventType "team"]
[EventRounds "13"]
[EventCountry "BEL"]
[SourceTitle "CBM 081 Extra"]
[Source "ChessBase"]
[SourceDate "2001.05.06"]
[SourceVersion "1"]
[SourceVersionDate "2001.05.06"]
[SourceQuality "1"]

1. Nf3 d5 2. c4 c6 3. b3 Nf6 4. g3 Qb6 5. Bg2 e5 6. cxd5 e4 7. Ng5 cxd5 8. Nc3 Bf5 9. f3 h6 10. fxe4 hxg5 11. exf5 Rxh2 12. Kf1 Rxh1+ 13. Bxh1 Qd6 14. Qe1 Nc6 15. e4 d4 16. e5 Nxe5 17. Bxb7 Rd8 18. Nb5 Qc5 19. a4 Nfg4 20. Bb2 Qb6 21. Qe4 Rd7 22. Bc8 Rd8 23. Re1 Bc5 24. Bb7 Rd7 25. b4 Bxb4 26. Bc6 Bxd2 27. Bxd7+ Kxd7 28. Bxd4 Bc1 29. Bxb6 axb6 1-0

[Event "BEL-chT 0001"]
[Site "Belgium"]
[Date "2000.10.22"]
[Round "2"]
[White "De Bruycker, Bernard"]
[Black "Praet, Maarten"]
[Result "0-1"]
[WhiteElo "2216"]
[BlackElo "2193"]
[PlyCount "70"]
[EventDate "2000.11.18"]
[EventType "team"]
[EventRounds "13"]
[EventCountry "BEL"]
[SourceTitle "CBM 081 Extra"]
[Source "ChessBase"]
[SourceDate "2001.05.06"]
[SourceVersion "1"]
[SourceVersionDate "2001.05.06"]
[SourceQuality "1"]

1. Nf3 Nf6 2. c4 e6 3. g3 d5 4. b3 Be7 5. Bg2 0-0 6. 0-0 Nbd7 7. Bb2 b6 8. cxd5 Nxd5 9. e4 N5f6 10. d4 Nxe4 11. Ne5 Bb7 12. Qc2 Nxe5 13. dxe5 Nc5 14. Rd1 Qc8 15. b4 Bxg2 16. bxc5 Qb7 17. Ba3 Bxc5 18. Bxc5 Bh3 19. f3 bxc5 20. Nd2 Bf5 21. Qxc5 Rad8 22. Ne4 Bxe4 23. fxe4 Qxe4 24. Rxd8 Rxd8 25. Qxc7 Qd4+ 26. Kg2 g6 27. Rf1 Rd7 28. Qb8+ Kg7 29. Rf4 Qd5+ 30. Kh3 Qxa2 31. Qe8 Qd5 32. Rb4 Qd1 33. Rb2 Qf1+ 34. Kh4 g5+ 35. Kxg5 Qf5+ 0-1

[Event "Ghent op 23rd"]
[Site "Ghent"]
[Date "2000.07.??"]
[Round "?"]
[White "De Bruycker, Bernard"]
[Black "Dorenberg, Gaston"]
[Result "0-1"]
[WhiteElo "2216"]
[BlackElo "2365"]
[PlyCount "95"]
[EventDate "2000.07.15"]
[EventType "swiss"]
[EventRounds "9"]
[EventCountry "BEL"]
[SourceTitle "EXT 2001"]
[Source "ChessBase"]
[SourceDate "2000.11.22"]
[SourceVersion "1"]
[SourceVersionDate "2000.11.22"]
[SourceQuality "1"]

1. Nf3 Nf6 2. c4 b6 3. g3 Bb7 4. Bg2 e6 5. 0-0 Be7 6. b3 0-0 7. Bb2 d6 8. d4 Nbd7 9. Nc3 Ne4 10. Qc2 Nxc3 11. Bxc3 f5 12. Ne1 Bxg2 13. Nxg2 Bg5 14. f4 Bf6 15. e4 g6 16. Rad1 Bg7 17. e5 Qe7 18. Bb4 c5 19. exd6 Qxd6 20. dxc5 Bd4+ 21. Kh1 bxc5 22. Bc3 Nf6 23. Rd3 Ne4 24. Bxd4 cxd4 25. Qb2 Rfd8 26. Rfd1 Nc3 27. R1d2 e5 28. fxe5 Qxe5 29. Qa1 Rd6 30. Qe1 Ne4 31. b4 Re8 32. Rd1 Ra6 33. a3 Qb8 34. Rxd4 Rxa3 35. Kg1 Ra2 36. Ra1 Ng5 37. Qd1 Nf3+ 38. Kh1 Rxa1 39. Qxa1 Nxd4 40. Qxd4 Qxb4 41. Qd5+ Kf8 42. h3 Qb1+ 43. Kh2 Qe4 44. Qd6+ Qe7 45. Qd4 Kg8 46. Nf4 Qg7 47. Qd5+ Qf7 48. Qc6 0-1

[Event "BEL-chT 0001"]
[Site "Belgium"]
[Date "2000.01.07"]
[Round "6"]
[White "De Bruycker, Bernard"]
[Black "Faybish, Nimrod"]
[Result "1-0"]
[WhiteElo "2216"]
[BlackElo "2211"]
[PlyCount "191"]
[EventDate "2000.11.18"]
[EventType "team"]
[EventRounds "13"]
[EventCountry "BEL"]
[SourceTitle "CBM 081 Extra"]
[Source "ChessBase"]
[SourceDate "2001.05.06"]
[SourceVersion "1"]
[SourceVersionDate "2001.05.06"]
[SourceQuality "1"]

1. Nf3 Nf6 2. c4 g6 3. g3 Bg7 4. Bg2 0-0 5. Nc3 d6 6. d3 e5 7. 0-0 Nc6 8. Rb1 a5 9. Bg5 h6 10. Bxf6 Bxf6 11. a3 Ne7 12. b4 axb4 13. axb4 Bg7 14. Qb3 Be6 15. Nd2 Rb8 16. b5 Qd7 17. Nd5 Nf5 18. Qb4 c6 19. bxc6 bxc6 20. Qxb8 Rxb8 21. Rxb8+ Kh7 22. e4 Nd4 23. Ne3 Qa7 24. Rfb1 h5 25. h4 Bh6 26. R8b7 Qc5 27. R7b2 Ne2+ 28. Kh2 Bxe3 29. Nb3 Qa7 30. Rxe2 Bxf2 31. Rf1 Bb6 32. Ra1 Qb8 33. Nd2 Bd4 34. Rb1 Qd8 35. Nf3 Bg4 36. Nxd4 exd4 37. Reb2 Be6 38. Rb7 Qf6 39. Rf1 Qe5 40. Bh3 Kg8 41. Re7 Bxh3 42. Rxe5 Bxf1 43. Re8+ Kg7 44. Rd8 Bxd3 45. Rxd6 c5 46. e5 Bxc4 47. Kg1 Kf8 48. Rc6 d3 49. Kf2 d2 50. Rd6 Ke7 51. Ke3 Be6 52. Kf4 c4 53. Rxd2 Bf5 54. Rd4 c3 55. Rc4 c2 56. Ke3 Ke6 57. Kd4 Ke7 58. Rc6 Kd7 59. Rc5 Ke6 60. Ke3 Ke7 61. Rc7+ Kd8 62. Rc3 Ke7 63. Kd4 Ke6 64. Rc7 f6 65. exf6 Kxf6 66. Rc6+ Ke7 67. Ke5 Kd7 68. Rc3 Ke7 69. Rc7+ Kd8 70. Kd6 Ke8 71. Rc3 Kf7 72. Ke5 Ke7 73. Kf4 Kf6 74. Rc5 Ke6 75. Ke3 Kd6 76. Kd4 Ke6 77. Rc6+ Kd7 78. Rc5 Kd6 79. Rc3 Ke6 80. Ke3 Kd5 81. Kd2 Kd4 82. Rf3 Ke4 83. Rf4+ Ke5 84. Rf1 Ke6 85. Re1+ Kd5 86. Kc3 Kd6 87. Rc1 Kd5 88. Kd2 Kd4 89. Ra1 Kd5 90. Ra4 Ke5 91. Rc4 Kd5 92. Rf4 Ke5 93. Kc1 Ke6 94. Rf2 Ke5 95. Rd2 Ke4 96. Rxc2 1-0

[Event "BEL-chT 9900"]
[Site "Antwerp"]
[Date "1999.10.??"]
[Round "1"]
[White "Van der Stricht, Geert"]
[Black "De Bruycker, Bernard"]
[Result "1-0"]
[WhiteElo "2347"]
[BlackElo "2149"]
[PlyCount "173"]
[EventDate "1999.10.08"]
[EventType "team"]
[EventRounds "11"]
[EventCountry "BEL"]
[SourceTitle "CBM 073 Extra"]
[Source "ChessBase"]
[SourceDate "2000.01.11"]
[SourceVersion "1"]
[SourceVersionDate "2000.01.11"]
[SourceQuality "1"]

1. d4 Nf6 2. c4 c5 3. d5 e6 4. Nc3 exd5 5. cxd5 g6 6. e4 d6 7. f4 Bg7 8. Bb5+ Nfd7 9. a4 Na6 10. Nf3 0-0 11. 0-0 Nb4 12. Re1 a6 13. Bf1 Re8 14. h3 Nf6 15. Bc4 Nd7 16. Be3 b6 17. Bf2 Ra7 18. Qd2 Bb7 19. Bh4 Bf6 20. Bg3 Qb8 21. e5 dxe5 22. fxe5 Nxe5 23. Nxe5 Rxe5 24. Rf1 Qd8 25. Bxe5 Bxe5 26. Kh1 Qh4 27. Qe1 Qxe1 28. Raxe1 Bxc3 29. bxc3 Bxd5 30. Re8+ Kg7 31. Be2 Nc6 32. Rb1 Ne7 33. Rxb6 Bc6 34. Rd8 Bxa4 35. Rxa6 Rxa6 36. Bxa6 Bc6 37. Bc4 f5 38. Kg1 f4 39. Kf2 g5 40. Be2 Kf6 41. Bf3 Ba4 42. Be4 h5 43. Bf3 h4 44. Ra8 Bb3 45. Ra5 Nf5 46. Rxc5 Ne3 47. Ke1 Bc4 48. Be4 Be6 49. Bf3 Bc4 50. Ra5 Bf1 51. Kf2 Bc4 52. Ra3 Ke5 53. Ra1 Kf6 54. Ra5 Bf7 55. Rb5 Bc4 56. Rb4 Ke5 57. Rb1 Kf6 58. Ra1 Ke5 59. Bb7 Kf6 60. Kf3 Bf1 61. Ra2 Bc4 62. Rb2 Ke5 63. Rb1 Bd3 64. Ra1 Bf1 65. Kf2 Bc4 66. Bc6 Kd6 67. Bf3 Ke5 68. Be2 Bxe2 69. Kxe2 Nxg2 70. Kf3 Ne3 71. Ra5+ Kf6 72. Ke4 Nd1 73. Ra6+ Ke7 74. Ra7+ Ke6 75. Ra6+ Ke7 76. Kf5 Nxc3 77. Ra7+ Kd6 78. Kxg5 f3 79. Rf7 f2 80. Kxh4 Ne4 81. Kg4 Ke5 82. Rf5+ Kd4 83. Rf3 Ke5 84. h4 Ke6 85. h5 Nf6+ 86. Kg5 Ne4+ 87. Kg6 1-0

[Event "BEL-chT 9899"]
[Site "Antwerp"]
[Date "1998.11.22"]
[Round "3"]
[White "Luminet, Denis"]
[Black "De Bruycker, Bernard"]
[Result "0-1"]
[WhiteElo "2285"]
[BlackElo "2105"]
[PlyCount "94"]
[EventDate "1998.10.??"]
[EventType "team"]
[EventRounds "11"]
[EventCountry "BEL"]
[SourceTitle "EXT 2000"]
[Source "ChessBase"]
[SourceDate "1999.11.16"]
[SourceVersion "1"]
[SourceVersionDate "1999.11.16"]
[SourceQuality "1"]

1. Nf3 Nf6 2. b3 d5 3. Bb2 Bf5 4. e3 e6 5. c4 Be7 6. cxd5 exd5 7. Be2 0-0 8. 0-0 a5 9. Nc3 Nc6 10. Nb5 Nb4 11. a3 Bc2 12. Qc1 Bd3 13. Bxd3 Nxd3 14. Qxc7 Qxc7 15. Nxc7 Nxb2 16. Nxa8 Rxa8 17. Ne5 Ne4 18. Ra2 f6 19. Rxb2 fxe5 20. b4 axb4 21. axb4 Ra4 22. d3 Nc3 23. b5 d4 24. g3 e4 25. dxe4 dxe3 26. fxe3 Rxe4 27. Rf3 Rxe3 28. Rxe3 Bc5 29. Kg2 Bxe3 30. Rb4 b6 31. Kf3 Bc5 32. Rb3 Bd4 33. Rb4 Be5 34. h4 Kf7 35. Kg4 Ke6 36. h5 Kd5 37. h6 gxh6 38. Rb2 Ne4 39. Rh2 h5+ 40. Kxh5 Nxg3+ 41. Kg4 h5+ 42. Kf3 Kc5 43. Rh3 Kxb5 44. Ke3 Kc4 45. Rh4+ Kc3 46. Ra4 b5 47. Ra8 h4 0-1